ბათუმის შოთა რუსთაველის სახელმწიფო უნივერსიტეტის ბიბლიოთეკა

Трясина сильной страсти : (ბიბ.ჩანაწერი № 55677)

000 -ლიდერი
ფიქსირებული სიგრძის საკონტროლო ველი 00695nam a2200229Ia 4500
001 - საკონტროლო ნომერი
საკონტროლო ველი 22772
003 - საკონტროლო ნომრის იდენტიფიკატორი
საკონტროლო ველი GE_BSU
005 - ბოლო ოპერაციის თარიღი და დრო
საკონტროლო ველი 20230519114217.0
008 - ფიქსირებული სიგრძის მონაცემთა ელემენტები - ზოგადი ინფორმაცია
ფიქსირებული სიგრძის საკონტროლო ველი 181216s ||||ge |||||||||||||| ||geo||
020 ## - წიგნის საერთაშორისო სტანდარტული ნომერი
International Standard Book Number 9785906955982
040 ## - კატალოგიზაციის წყარო
Transcribing agency GE_BSU
041 ## - ენის კოდი
Language code of text/sound track or separate title geo
080 ## - უნივერსალური ათობითი კლასიფიკაციის ინდექსი
Universal Decimal Classification number 821.161.1 М-45
100 ## - მთავარი ჩანაწერი - პიროვნების სახელი
Personal name Мейер
9 (RLIN) 18136
245 ## - ცნობა სათაურის შესახებ
Title Трясина сильной страсти :
Remainder of title стихи /
Statement of responsibility, etc Мейер ; Перевод. : Т.Кулицкая., А. Санковская
264 ## - წარმოების, გამოცემის, დისტრიბუციის და სხვა ცნობები
გამოცემის, წარმოების, დისტრიბუციის... ადგილი Москва,
გამოცემის, წარმოების, დისტრიბუციის... სახელწოდება Маска,
გამოცემის, წარმოების, დისტრიბუციის... თარიღი 2018.
300 ## - ფიზიკური აღწერა
Extent 107 стр. ;
Dimensions 21см.
653 ## - INDEX TERM--UNCONTROLLED
Uncontrolled term стихи
653 ## - INDEX TERM--UNCONTROLLED
Uncontrolled term Трясина сильной страсти
942 ## - ADDED ENTRY ELEMENTS (KOHA)
Koha item type წიგნი
Source of classification or shelving scheme
ეგზემპლარები
ჩამოწერის სტატუსი დაკარგული ეგზემპლარის სტატუსი კლასიფიკაციის წყარო ან თაროზე გაწყობის სქემა დაზიანების სტატუსი არ გაიცემა მუდმივი მდებარეობა (დაცვის ადგილი) ამჟამინდელი ადგილსამყოფელი თაროზე განთავსების ადგილი შეძენის თარიღი ღირებულება, შესყიდვის ნორმალური ფასი სრული შენახვის შიფრი შტრიხკოდი ბოლო ოპერაციის თარიღი ეგზემპლარის მიმდევრობითი ნომერი (კეტერი?) ფასის ძალაში შესვლის თარიღი ეგზემპლარის სახეობა საჯარო შენიშვნა
          ბათუმის შოთა რუსთაველის სახელმწიფო უნივერსიტეტის მთავარი ბიბლიოთეკა ბათუმის შოთა რუსთაველის სახელმწიფო უნივერსიტეტის მთავარი ბიბლიოთეკა წიგნსაცავი 2018-12-17 7.00 821.161.1 М-45 58258 2018-12-17 58258 2018-12-17 წიგნი 7.00 ₾.